Cardi B & Bruno Mars - Please Me - Statistics

General Stats
  • This quiz has been taken 101 times
  • The average score is 347 of 447
Answer Stats
Lyric % Correct
me,
100%
me
100%
Please
100%
baby
97%
and
95%
And
95%
around
95%
I
95%
Turn
95%
You
95%
you
95%
just
94%
Let
92%
let
92%
need,
91%
say
91%
tease
91%
When
91%
hear
89%
what
89%
on
87%
On
87%
on,
87%
want
87%
it
84%
it,
84%
No
82%
no
82%
know
81%
time
81%
time,
81%
be
80%
the
78%
do
77%
Do
77%
my
77%
My
77%
to
77%
one
75%
in
73%
like
73%
more
73%
dance
72%
floor
72%
twerk
72%
got
71%
so
71%
gon'
70%
I'm
70%
sh*t
68%
that,
68%
that
68%
come
67%
Come
67%
p*ssy,
67%
p*ssy
67%
ride
67%
let's
66%
Let's
66%
take
66%
beggin',
65%
beggin'
65%
yeah,
65%
close
63%
Don't
63%
don't
63%
way
63%
after
62%
we
62%
wit'
62%
dumb
61%
young,
61%
some
59%
tonight
59%
Twerkin'
59%
for
58%
panties
58%
Bring
57%
out,
57%
out
57%
slow
57%
f*ck
56%
again
54%
but
54%
gonna
54%
low
54%
Lollipoppin'
53%
now
53%
Uh,
52%
uh,
52%
eat
51%
how
51%
Bet
49%
J's
49%
ain't
48%
Girl,
48%
celebrate,
47%
lay
47%
your
47%
Your
47%
Ooh,
46%
Better
44%
better
44%
Takin'
44%
listenin'
41%
was
41%
f*ckin'
39%
Booty
38%
booty
38%
even
38%
If
38%
smack
38%
wanna
37%
Dinner
35%
shouldn't
35%
tryna
35%
back
34%
weave
34%
demonstrate
33%
reservations
33%
can't
32%
levitate
32%
soft
32%
Gotta
30%
look
30%
put
30%
good?
29%
Hit
29%
man
29%
T*tties
29%
Jodeci
28%
round,
28%
Cardi
27%
him
27%
make
27%
away
25%
Broke
24%
up
24%
break
23%
b*tches
23%
slowly
23%
sweat
23%
basura
22%
watch
22%
horchata
20%
this
20%
babe
18%
records,
18%
play
16%
these
15%
blaka
14%
lovin'
10%
'Cause
9%
No matching quizzes found
Score Distribution
Percent of People with Each Score
Percentile by Number Answered
Your Score History
You have not taken this quiz